5-Letter Ends in 'L' Quiz Stats

Quiz Updated Sep 11, 2015

Challenge
Share
Tweet
Embed
Score 0/24 Timer 04:00
2 Plays Today
5-Letter Word % Correct
Ccrawl
97.4%
Mmedal
97.3%
Hhotel
97.1%
Ppearl
96.8%
Ddevil
96.7%
Bbasil
95.9%
Rrural
95.9%
NNepal
94.6%
Qquill
92.3%
Yyodel
90.7%
Jjewel
88.1%
Llapel
85.1%
5-Letter Word % Correct
Gghoul
83.8%
Sskull
82.9%
KKabul
81.8%
Ffrail
80.9%
Iideal
73.4%
Ttotal
73.3%
Vvigil
72%
Aatoll
65%
Ooctal
64.9%
EEdsel
55.1%
Wwhorl
48.6%
UUriel
30.6%

You're not logged in!

Compare scores with friends on all Sporcle quizzes.
Sign Up with Email
OR
Log In

You Might Also Like...

Show Comments

Extras

Top Quizzes Today


Score Distribution

Your Account Isn't Verified!

In order to create a playlist on Sporcle, you need to verify the email address you used during registration. Go to your Sporcle Settings to finish the process.